00549nam a2200169 a 450000500170000000800410001702000180005805000230007610000160009924500470011526000390016230000090020165000210021065000150023199900190024695201140026520140412111427.0090225s19uu xx 00 eng d a0-241-00300-8 aTR(PS EbVe62 1994 aCarle, Eric aThe Very Hungry Caterpillar /cEric Carle. aEngland :bHamish Hamilton,c1994. aunp. aDays of the week aLife cycle c106270d106270 001040aELbELcTRd2009-02-25eLib. Fundl0oTR(PS E Ve62 1994pE11515r2014-04-12 00:00:00w2014-04-12yBK